Pokémon - Fighting-type Pokémon - Statistics

General Stats
  • This quiz has been taken 371 times
    7 since last reset
  • The average score is 90 of 100
Answer Stats
Secondary Type Pokémon % Correct
Ghost Annihilape
100%
Fire Blaziken
100%
Bug Buzzwole
100%
Grass Chesnaught
100%
N/A Clobbopus
100%
Fire Combusken
100%
N/A Conkeldurr
100%
Ice Crabominable
100%
N/A Crabrawler
100%
Poison Croagunk
100%
Fire Emboar
100%
Flying Flamigo
100%
Psychic Gallade
100%
N/A Grapploct
100%
N/A Gurdurr
100%
Dragon Hakamo-o
100%
N/A Hariyama
100%
Flying Hawlucha
100%
Bug Heracross
100%
N/A Hitmonchan
100%
N/A Hitmonlee
100%
N/A Hitmontop
100%
Fire Infernape
100%
Electric Iron Hands
100%
Fairy Iron Valiant
100%
Water Keldeo
100%
Dragon Kommo-o
100%
Dragon Koraidon
100%
N/A Kubfu
100%
N/A Machamp
100%
N/A Machoke
100%
N/A Machop
100%
N/A Makuhita
100%
MONOTYPE Mankey
100%
Ghost Marshadow
100%
Psychic Medicham
100%
Psychic Meditite
100%
Normal Mega Lopunny
100%
Psychic Mega Mewtwo X
100%
Fire Monferno
100%
Bug Pheromosa
100%
Fire Pignite
100%
SECONDARY FIGHTING-TYPE (Water) Poliwrath
100%
N/A Primeape
100%
Water Quaquaval
100%
N/A Sawk
100%
N/A Throh
100%
N/A Timburr
100%
Poison Toxicroak
100%
N/A Tyrogue
100%
Dark or Water Urshifu
100%
N/A | Steel Zamazenta
100%
Normal Bewear
80%
Grass Breloom
80%
Steel Cobalion
80%
N/A Galarian Farfetch'd
80%
Flying Galarian Zapdos
80%
Ground Great Tusk
80%
Grass Hisuian Decidueye
80%
Grass Hisuian Lilligant
80%
Poison Hisuian Sneasel
80%
Steel Lucario
80%
Rock Mega Barbaracle
80%
Fire Mega Blaziken
80%
Grass Mega Chesnaught
80%
Ice Mega Crabominable
80%
Fire Mega Emboar
80%
Psychic Mega Gallade
80%
Flying Mega Hawlucha
80%
Bug Mega Heracross
80%
Steel Mega Lucario
80%
Steel Mega Lucario Z
80%
Psychic Mega Medicham
80%
Dark Mega Scrafty
80%
N/A Mienfoo
80%
N/A Mienshao
80%
Poison Okidogi
80%
N/A | PRIMARY FIGHTING-TYPE (Fire) | Water Paldean Tauros
80%
N/A Pancham
80%
Dark Pangoro
80%
N/A Passimian
80%
Electric Pawmo
80%
Electric Pawmot
80%
Normal Pirouette Meloetta
80%
Water Resolute Keldeo
80%
N/A Riolu
80%
Dark Scrafty
80%
Dark Scraggy
80%
N/A Sirfetch'd
80%
Bug Slither Wing
80%
Poison Sneasler
80%
Normal Stufful
80%
Rock Terrakion
80%
Grass Virizion
80%
N/A Falinks
60%
N/A Mega Falinks
60%
Flying Mega Staraptor
60%
No matching quizzes found
Score Distribution
Percent of People with Each Score
Percentile by Number Answered
Your Score History
You have not taken this quiz since the last reset